| 000 | 00718nam a22002297a 4500 | ||
|---|---|---|---|
| 005 | 20170124110207.0 | ||
| 010 | _aA-169520 | ||
| 020 | _c00.00 | ||
| 035 | _aA-169520 | ||
| 037 | _bCen Lib/Ret | ||
| 040 |
_aDPL _bEN |
||
| 082 |
_a954.11 _bRIZ |
||
| 100 |
_aRizvi, Janet _937594 |
||
| 245 |
_aLadakh : _cby Janet Rizvi _bcrossroads of high Asia / |
||
| 260 |
_bOxford University Press _aNew Delhi _c1983 |
||
| 270 |
_bNew Delhi _a2/11, Ansari Road, Darya Ganj _e110002 |
||
| 300 |
_axii,224p. _c21cm(Hb) |
||
| 500 | _aIncludes bibliographical references and index | ||
| 650 |
_aHemis Monastery (Ladākh, India) _929088 |
||
| 650 |
_aAutomobile travel _972321 |
||
| 942 |
_2ddc _cEN _h954.11 _mRIZ |
||
| 999 |
_c133320 _d133320 |
||